000 00793cam a2200205 4500
001 WB3622-32
008 000000n2000 000 0 eng u
035 _a(Sirsi) u106364
245 _aGM maize scare across EU
260 _c2000
490 _aFarmers' Weekly
_v132(22) May 26-June 1 2000 6; Farmers Weekly
_v132(23) June 2-8 2000 6(2);
520 _aMaize contaminated with GM seed has become the second crop suspected of being planted across Europe. Up to 1% of GM seed was contained in the plant. Hundreds of farmers are still waiting to see if they will still receive subsidies for destroyed crops.
590 _aWB
650 _aGENETICALLY MODIFIED CROPS
650 _aContamination
_96231
650 _aCOMPENSATION
650 _aMAFF
690 _aRural
_96268
942 _n0
999 _c63708
_d63708